COMPARISION OF CBT AND MFR ALONG WITH CONVENTIONAL THERAPY IN PATIENTS WITH CERVICOGENIC HEADACHE (Record no. 32177)
[ view plain ]
| 000 -LEADER | |
|---|---|
| fixed length control field | 00337nam a22001217a 4500 |
| 003 - CONTROL NUMBER IDENTIFIER | |
| control field | SGT |
| 082 ## - DEWEY DECIMAL CLASSIFICATION NUMBER | |
| Classification number | 617.84 |
| Item number | C23Y |
| 100 ## - MAIN ENTRY--PERSONAL NAME | |
| Personal name | YADAV, GAYATRI |
| 245 ## - TITLE STATEMENT | |
| Title | COMPARISION OF CBT AND MFR ALONG WITH CONVENTIONAL THERAPY IN PATIENTS WITH CERVICOGENIC HEADACHE |
| 260 ## - PUBLICATION, DISTRIBUTION, ETC. (IMPRINT) | |
| Place of publication, distribution, etc | GURUGRAM |
| Name of publisher, distributor, etc | SGT UNIVERSITY |
| Year of Publication | 2023 |
| 300 ## - PAGE DESCRIPTION | |
| No. of Pages | 97 |
| 942 ## - ADDED ENTRY ELEMENTS (KOHA) | |
| Source of classification or shelving scheme | Dewey Decimal Classification |
| Koha item type | Thesis/Dissertation |
| Withdrawn status | Lost status | Source of classification or shelving scheme | Damaged status | Not for loan | Home library | Current library | Shelving location | Date acquired | Full call number | Accession No. (Barcode) | Date last seen | Bill Date | Koha item type |
|---|---|---|---|---|---|---|---|---|---|---|---|---|---|
| Dewey Decimal Classification | Not For Loan | SGT Medical Library | SGT Medical Library | Reference Book | 07/08/2025 | 617.84 C23Y | DT2297 | 07/08/2025 | 07/08/2025 | Thesis/Dissertation |